000 00500nam a2200133Ia 4500
008 170516s9999 xx 000 0 und d
245 _aBilateral Obturator Hernia Diagnosed by Computed Tomography: A with Review of the Literature, Sanjay M. Khaladkar, Anubhav Kamal, Sahil Garg, and Vigyat Kamal
260 _bRadiology Research and Practice
260 _c2014
300 _a:
650 _xRadiologic Technology
650 _xRadtech
856 _uhttps://www.hindawi.com/journals/rrp/contents/2/
999 _c332196
_d332196